01641nam a2200229 a 4500001001000000003000900010005001700019007001000036008002800046040002200074082003100096100002600127245005900153260007000212300002100282490002200303504003200325505090800357650004701265651005201312710004701364000024016DO-SdBNP20241007115632.0000024016110118s1985 dr 001 0 spa d aBPMSUbspacBPMSU 4a 320.97293bC951c 19852221 aCross Beras, Julio A.10aCultura política dominicana /cJulio A. Cross Beras. aSanto Domingo :bInstituto Tecnológico de Santo Domingo,c1985. a145 p. ;c22 cm.0 aMonografía,v20 aBibliografía : p. 139-1450 a El momento político 18 -- Los eventos políticos 19 -- Metodología dela encuesta 22 -- II. El sistema político 30 -- Demandas y respuestas 32 -- La cultura política 39 -- La teoría democrática 41 -- La cultura política democrática 41 -- Plan dela obra 51 -- III. Temores y esperanzas 53 -- Pasado, presente y futuro 54 -- Los problemas del país 65 -- Las expectativas 73 -- El país y el mundo 76 -- el comportamiento político 77 -- IV. Institucionalización y participación 81 -- La institucionalización 82 -- El autoritarismo 85 -- La percepción del sistema político 93 -- Las instituciones 98 -- La participación política 106 -- El liderazgo político 114 -- V. Alineación 19 -- El concepto de anomia 120 -- La escala de anomia 123 -- Un problema generalizado 127 -- Anomia y política 127 -- La crisis política 131 -- VI. Por una democracia con el pueblo  4aCultura políticazRepública Dominicana aRepública Dominicana xpolítica y gobierno 2 aInstituto Tecnológico de Santo Domingo